000 00583nam a2200181 a 4500
001 000034267
005 20200930070923.0
008 110929s2004 es 000 0 spa d
020 _a8449315794
040 _aDO-SdBNP
_bspa
_cBNPHU
100 1 _aFisas, Vicenc,
_d1952-
_959690
245 1 0 _aProcesos de paz y negociación en conflictos armados /
_cVicenc Fisas.
260 _aBarcelona :
_bEdiciones Paidós,
_c2004.
300 _a226 p. :
_bil., gráf. ;
_c24 cm.
490 1 _aPaidós estado y sociedad ;
_v119
830 0 _aPaidós estado y sociedad ;
_v119
_912469
049 _aBNPD
999 _c33758
_d33758